La Brigada verda : juntes per a un món més sostenible / juntes per a un món més sostenible /
MARC
| LEADER | 00000nam a2200000 i 4500 | ||
|---|---|---|---|
| 001 | 25220 | ||
| 003 | Arxiu | ||
| 005 | 20260324181100.0 | ||
| 008 | 200730e201912 spc|||| |||| 0|0 f cat| | ||
| 015 | |a LL2020 |2 bnc | ||
| 017 | |a DL B 25463-2019 |b Biblioteca de Catalunya | ||
| 035 | |a (ES-BaCBU).b74379185 | ||
| 040 | |a ES-BaBC |b cat |e rda |c ES-BaBC | ||
| 080 | |a 821.134.1-31 |x "20" |x (0:741.52) |2 2004 | ||
| 080 | |a 502.13 |x (0:741.52) |2 2004 | ||
| 100 | 1 | |a Dolz, Carme, |d 1975- |e autor | |
| 245 | 1 | 3 | |a La Brigada verda : |b juntes per a un món més sostenible / |c text: Carme Dolz ; il·lustracions: Jordi Sunyer |
| 246 | 3 | 0 | |a Juntes per a un món més sostenible |
| 250 | |a Primera edició | ||
| 264 | 1 | |a [Barcelona] : |b Diputació de Barcelona, |c desembre de 2019 | |
| 300 | |a 35 pàgines : |b principalment il·lustracions en color ; |c 22 cm | ||
| 336 | |a text |b txt |2 rdacontent | ||
| 336 | |a imatge fixa |b sti |2 rdacontent | ||
| 337 | |a sense mediació |b n |2 rdamedia | ||
| 338 | |a volum |b nc |2 rdacarrier | ||
| 500 | |a A la part inferior de la portada: Objectius de Desenvolupament Sostenible | ||
| 610 | 2 | 0 | |a Objectius de Desenvolupament Sostenible |v Còmics. |2 lemac |9 56310 |
| 610 | 2 | 0 | |a Objectius de Desenvolupament Sostenible |v Còmics |9 56310 |
| 650 | 7 | |a Desenvolupament sostenible |v Còmics. |2 lemac | |
| 655 | 7 | |a Còmics |2 rbgenr//cat | |
| 700 | 1 | |a Sunyer, Jordi, |e artista | |
| 710 | 1 | |a Barcelona (Catalunya : Província). |b Diputació |9 52408 | |
| 907 | |a .b74379185 |b 18-02-21 |c 30-07-20 |d 30-07-20 |e m |f a |g - |h cat |i spc |j 0 |k 0 | ||
| 908 | |a BC | ||
| 940 | |a BC | ||
| 942 | |2 udc |c ARXIU |n 1 | ||
| 952 | |0 0 |1 0 |2 udc |4 0 |6 BIB490 |7 1 |9 61175 |a Arxiu |b Arxiu |d 2022-03-28 |l 0 |o Bib-490 |p 25220 |r 2022-03-28 00:00:00 |w 2022-03-28 |y ARXIU | ||
| 952 | |0 0 |1 0 |4 0 |6 PDL |7 1 |9 61493 |a Arxiu |b Arxiu |d 2022-05-06 |l 0 |o PDL |p 25307 |r 2022-05-06 00:00:00 |w 2022-05-06 |y ARXIU | ||
| 999 | |c 81235 |d 81235 | ||